00573 a2200181 450000100060000002000180000604000240002410000230004824000260007124500210009730000070011836200090012565000240013494200070015895201070016595201020027299900170037444777 a9788572086301 cAnchieta - Aquarius aGuimarães, Telma10aBacana, de novo!lpor10aBacana, de novo! a190 a2009 4aLiteratura infantil cBK 00104070a87.1b87.1d2023-11-21l0oLI 028.5 GUI BACp1128/AQUr2023-11-21 15:10:39w2023-11-21yBK 00104070a12.29b12.29d2024-03-27l0o028.5 G976bp2A1142r2024-03-27 22:39:55w2024-03-27yBK c44777d44777